| 000 | 01093nam a2200265Ia 4500 | ||
|---|---|---|---|
| 003 | OSt | ||
| 005 | 20221005110808.0 | ||
| 006 | a|||||r|||| 00| 0 | ||
| 007 | ta | ||
| 008 | 221004b |||||||| |||| 00| 0 hin d | ||
| 020 |
_a9788126720927 (hbk) _cINR 550.00 |
||
| 024 | _a34800 | ||
| 037 |
_bBR3079, 15/09/2017, Rajkamal Prakashan Pvt. Ltd. _cTextual |
||
| 040 |
_aCRL _cCRL _bhin |
||
| 041 |
_2hin _ahin |
||
| 082 | _a4xN47, 152Q1 | ||
| 100 | _aआर. अनुराधा, संपा. | ||
| 245 | 0 | _aपत्रकारिता का महानायक सुरेंद्र प्रताप सिंह संचयन | |
| 246 | _aPatrakāritā kā mahānāyak sureandra pratāp sianha sanchayana | ||
| 260 |
_aनई दिल्ली _bराजकमल प्रकाशन भारत _c2011 |
||
| 300 |
_a459पृ0 _ccm. |
||
| 650 | _aपत्रकारिता | ||
| 942 |
_h4xN47, 152Q1 _cTEXL _2cc |
||
| 999 |
_c1019915 _d1019915 |
||